Información Comercial Española: revista de economía /
Guardado en:
| Autor Corporativo: | |
|---|---|
| Formato: | Libro |
| Lenguaje: | Spanish |
| Publicado: |
España:
Ministerio de Economía y Hacienda
|
| Materias: | |
| Etiquetas: |
Agregar Etiqueta
Sin Etiquetas, Sea el primero en etiquetar este registro!
|
MARC
| LEADER | 00000nam a22000007a 4500 | ||
|---|---|---|---|
| 001 | 176 | ||
| 003 | cru CIDCACS/IIS | ||
| 005 | 20200313112910.0 | ||
| 008 | 190906n |||||r||||||0| | spa|d | ||
| 999 | |c 42335 |d 42335 | ||
| 022 | |a 0019977X | ||
| 040 | |c cru CIDCACS/IIS | ||
| 090 | |a REV0536 | ||
| 110 | 1 | |9 8507 |a España. |b Ministerio de Economía y Hacienda | |
| 245 | 1 | |a Información Comercial Española: |b revista de economía / |c Ministerio de Economía y Hacienda | |
| 260 | |a España: |b Ministerio de Economía y Hacienda | ||
| 500 | |a EXISTENCIAS: 1986 (634-639) 1987 (643-645) 1988 (658-659, 662-664) | ||
| 650 | 0 | |9 304 |a COMERCIO EXTERIOR | |
| 650 | 7 | |9 9146 |a ELECTRICIDAD | |
| 650 | 4 | |9 1843 |a IMPORTACIONES | |
| 650 | 0 | |9 244 |a EMPRESAS | |
| 650 | 0 | |9 2520 |a CRISIS | |
| 650 | 0 | |9 143 |a ECONOMIA | |
| 650 | 4 | |9 3250 |a MERCADO | |
| 650 | 0 | |9 288 |a EMPLEO | |
| 650 | 4 | |9 1993 |a LEGISLACION | |
| 650 | 4 | |9 2557 |a CAPITAL | |
| 942 | |2 ddc |c PP | ||
